On the existence of an equilibrium for an economy with public goode only
Salvato in:
| Autore principale: | |
|---|---|
| Natura: | Libro |
| Lingua: | inglese |
| Pubblicazione: |
Tilburg
Institute of Economics
1971
|
| Tags: |
Nessun Tag, puoi essere il primo ad aggiungerne!!
|
MARC
| LEADER | 00000nam a2200000 4500 | ||
|---|---|---|---|
| 001 | 0222795 | ||
| 005 | 20240822101702.2 | ||
| 041 | 0 | |a eng | |
| 044 | |a NL | ||
| 245 | 1 | 0 | |a On the existence of an equilibrium for an economy with public goode only |c Pieter H.M. Ruys |
| 264 | 1 | |a Tilburg |b Institute of Economics |c 1971 | |
| 300 | |a 22 s. | ||
| 100 | 1 | |a Ruys, Pieter H.M. | |